Management information systems text & cases (Record no. 4975)
[ view plain ]
| 000 -LEADER | |
|---|---|
| fixed length control field | 00644nam a2200169Ia 4500 |
| 003 - CONTROL NUMBER IDENTIFIER | |
| control field | SGT |
| 020 ## - INTERNATIONAL STANDARD BOOK NUMBER | |
| International Standard Book Number | 9780070146624 |
| 082 ## - DEWEY DECIMAL CLASSIFICATION NUMBER | |
| Classification number | 658.4038011 |
| Item number | JAW |
| 100 ## - MAIN ENTRY--PERSONAL NAME | |
| Personal name | Jawadekar,Waman S |
| 245 ## - TITLE STATEMENT | |
| Title | Management information systems text & cases |
| 250 ## - EDITION STATEMENT | |
| Edition statement | 4th Ed. |
| 260 ## - PUBLICATION, DISTRIBUTION, ETC. (IMPRINT) | |
| Name of publisher, distributor, etc | Tata McGraw Hill Education Private Limited |
| Place of publication, distribution, etc | New Delhi |
| Year of Publication | 2009 |
| 300 ## - PAGE DESCRIPTION | |
| No. of Pages | 833p. |
| 650 ## - SUBJECT ADDED ENTRY--TOPICAL TERM | |
| Topical term or geographic name as entry element | MANAGEMENT |
| 653 ## - KEYWORDS--INDEX TERM | |
| Keyword term | MANAGEMENT INFORMATION SYSTEMS IN A DIGITAL FIRM,BASICS OF MANAGEMENT INFORMATION SYSTEMS,APPLICATION OF MANAGEMENT INFORMATION SYSTEMS TO E-BUSINESS,INFOTECH INFRASTRUCTURE,COMPREHENSIVE CASES ON MANAGEMENT INFORMATION SYSTEMS |
| 942 ## - ADDED ENTRY ELEMENTS (KOHA) | |
| Source of classification or shelving scheme | Dewey Decimal Classification |
| Koha item type | Books |
| Withdrawn status | Lost status | Source of classification or shelving scheme | Damaged status | Not for loan | Home library | Current library | Date acquired | SGTU | Total Checkouts | Full call number | Accession No. (Barcode) | Date last seen | Bill Date | Koha item type |
|---|---|---|---|---|---|---|---|---|---|---|---|---|---|---|
| Dewey Decimal Classification | SGT Engineering Library | SGT Engineering Library | 28/04/2010 | SGTU | 658.4038011 JAW | FE2046 | 09/02/2015 | 09/02/2015 | Books | |||||
| Dewey Decimal Classification | SGT Engineering Library | SGT Engineering Library | 28/04/2010 | SGTU | 658.4038011 JAW | FE2047 | 09/02/2015 | 09/02/2015 | Books | |||||
| Dewey Decimal Classification | SGT Engineering Library | SGT Engineering Library | 28/04/2010 | SGTU | 658.4038011 JAW | FE2048 | 09/02/2015 | 09/02/2015 | Books | |||||
| Dewey Decimal Classification | SGT Engineering Library | SGT Engineering Library | 28/04/2010 | SGTU | 658.4038011 JAW | FE2049 | 09/02/2015 | 09/02/2015 | Books | |||||
| Dewey Decimal Classification | SGT Engineering Library | SGT Engineering Library | 06/09/2012 | SGTU | 658.4038011 JAW | FE5500 | 09/02/2015 | 09/02/2015 | Books | |||||
| Dewey Decimal Classification | SGT Engineering Library | SGT Engineering Library | 06/09/2012 | SGTU | 658.4038011 JAW | FE5501 | 09/02/2015 | 09/02/2015 | Books |